000 00644nam a2200193Ia 4500
008 220216s9999 xx 000 0 und d
100 _aMeenakumari T
245 0 _aGrowth and yield potential of promising new clones of Hevea brasiliensis under the dry sub-humid climate of North Kerala
260 _bIRRDB-RRII Workshop on Multilateral Clone Exchange, 1-7 June 2014, Rubber Research Institute of INdia, Kottayam, India.
650 _aGrowth
650 _aYield
650 _aYield potential
700 _aGireesh T
700 _aJoseph A
700 _aLakshmanan R
700 _aMeenattoor R J
700 _aMydin K K
942 _cBS
999 _c49427
_d49427